000 01117 a2200241 4500
005 20080915162117.0
008 080915t xxu||||| |||| 00| 0 hin d
010 _aHIN-80850
020 _a8170168260
_c225.00
035 _aHN-53196
037 _bD.B.Act / pub
082 _a821
100 _aराजवीर सिंह 'दार्शनिक'
245 _aयशस्विनीःमहाकाव्य
_cराजवीर सिंह 'दार्शनिक'
246 _aYashashwini
_bby Rajveer Singh 'Darshnil'
260 _aनई दिल्ली
_bकिताब घर
_c2007
300 _a188पृ
_c22 सेमी (सजिल्द)
650 _aहिन्दी कविताएँ
650 _aHindi Pomes
270 _a24/4855, अंसारी रोड, दरियागंज
_bनई दिल्ली
_e110002
942 _adpl
_cHN
_k821 / राजवी
_2ddc
_h821
_mराजवी
999 _c7176
_d7176